Healing life's hurts : (Record no. 1498)

MARC details
000 -LEADER
fixed length control field 00827cam a2200253 i 4500
001 - CONTROL NUMBER
control field 1303597
003 - CONTROL NUMBER IDENTIFIER
control field GBCCL
005 - DATE AND TIME OF LATEST TRANSACTION
control field 20241126110402.0
008 - FIXED-LENGTH DATA ELEMENTS--GENERAL INFORMATION
fixed length control field 790329s1978 nyua b 000 0 eng
010 ## -
-- 77014794
020 ## - INTERNATIONAL STANDARD BOOK NUMBER
International Standard Book Number 0809102315.
-- 0809120593
Terms of availability $3.95
040 ## - CATALOGING SOURCE
Original cataloging agency DLC
Transcribing agency DLC
Modifying agency DLC
050 00 -
-- BT732.5
-- .L527
082 00 - DEWEY DECIMAL CLASSIFICATION NUMBER
Classification number 248.86
Item number LIN
100 1# - MAIN ENTRY--PERSONAL NAME
Personal name Linn, Matthew.
9 (RLIN) 3006
245 10 - TITLE STATEMENT
Title Healing life's hurts :
Remainder of title healing memories through five stages of forgiveness /
Statement of responsibility, etc. by Matthew Linn and Dennis Linn.
260 ## - PUBLICATION, DISTRIBUTION, ETC.
Place of publication, distribution, etc. New York :
Name of publisher, distributor, etc. Paulist Press,
Date of publication, distribution, etc. c1978.
300 ## - PHYSICAL DESCRIPTION
Extent ix, 249 p. :
Other physical details ill. ;
Dimensions 21 cm.
504 ## - BIBLIOGRAPHY, ETC. NOTE
Bibliography, etc. note Includes bibliographical references.
650 #0 - SUBJECT ADDED ENTRY--TOPICAL TERM
Topical term or geographic name entry element Spiritual healing.
9 (RLIN) 399
700 1# - ADDED ENTRY--PERSONAL NAME
Personal name Linn, Dennis,
Relator term joint author.
9 (RLIN) 3007
906 ## - LOCAL DATA ELEMENT F, LDF (RLIN)
a 7
b cbc
c orignew
d 2
e ocip
f 19
g y-gencatlg
942 ## - ADDED ENTRY ELEMENTS (KOHA)
Source of classification or shelving scheme Dewey Decimal Classification
Koha item type Books
Koha issues (borrowed), all copies 1
Holdings
Withdrawn status Lost status Source of classification or shelving scheme Damaged status Not for loan Home library Current Library Shelving location Date acquired Total checkouts Full call number Barcode Date last seen Date last checked out Copy number Price effective from Koha item type
    Dewey Decimal Classification     GRACE BIBLE COLLEGE GRACE BIBLE COLLEGE Ministry & Mission 2017-05-03 2 248.86 LIN 008309 2025-05-01 2018-09-07 c.1 2017-05-03 Books
© Grace Bible College Library 2025